000
00259nam a2200109Ia 4500
008
200302s9999 xx 000 0 und d
100
_a
W. Jaroszewski
245
_a
Fault and Fold Tectonics
260
_b
Ellis Horwood Ltd.
260
_c
1984
300
_a
565 P.,
999
_c
2019
_d
2019